| 000 | 00589cam a2200193 a 4500 | ||
|---|---|---|---|
| 020 | _a0878351884 (pbk.) | ||
| 040 | _cDLC | ||
| 082 | 0 | 0 | _a004 BOY 1986 A006 Or. |
| 100 | 1 | _aShelly, Gary B. | |
| 245 | 1 | 0 | _aComputer fundamentals with application software / |
| 260 |
_aBoston, MA : _bBoyd & Fraser Pub. Co., _c1986. |
||
| 300 |
_a1 v. (various pagings) : _bill. (some col.) ; _c28 cm. |
||
| 500 | _aIncludes index. | ||
| 650 | 0 | _aElectronic digital computers. | |
| 650 | 0 | _aElectronic data processing. | |
| 650 | 0 | _aApplication software. | |
| 700 | 1 | _aCashman, Thomas J. | |
| 942 | _cEK | ||
| 999 |
_c11954 _d11954 |
||